<?xml version="1.0" encoding="UTF-8"?><?xml-stylesheet type="text/xsl" href="static/style.xsl"?><OAI-PMH xmlns="http://www.openarchives.org/OAI/2.0/" xmlns:xsi="http://www.w3.org/2001/XMLSchema-instance" xsi:schemaLocation="http://www.openarchives.org/OAI/2.0/ http://www.openarchives.org/OAI/2.0/OAI-PMH.xsd"><responseDate>2026-04-17T03:30:08Z</responseDate><request verb="GetRecord" identifier="oai:www.recercat.cat:2117/13338" metadataPrefix="marc">https://recercat.cat/oai/request</request><GetRecord><record><header><identifier>oai:recercat.cat:2117/13338</identifier><datestamp>2025-07-17T05:48:50Z</datestamp><setSpec>com_2072_1033</setSpec><setSpec>col_2072_452950</setSpec></header><metadata><record xmlns="http://www.loc.gov/MARC21/slim" xmlns:dcterms="http://purl.org/dc/terms/" xmlns:xsi="http://www.w3.org/2001/XMLSchema-instance" xmlns:doc="http://www.lyncode.com/xoai" xsi:schemaLocation="http://www.loc.gov/MARC21/slim http://www.loc.gov/standards/marcxml/schema/MARC21slim.xsd">
   <leader>00925njm 22002777a 4500</leader>
   <datafield ind2=" " ind1=" " tag="042">
      <subfield code="a">dc</subfield>
   </datafield>
   <datafield ind2=" " ind1=" " tag="720">
      <subfield code="a">Zapateiro, Mauricio</subfield>
      <subfield code="e">author</subfield>
   </datafield>
   <datafield ind2=" " ind1=" " tag="720">
      <subfield code="a">Pozo Montero, Francesc</subfield>
      <subfield code="e">author</subfield>
   </datafield>
   <datafield ind2=" " ind1=" " tag="720">
      <subfield code="a">Rossell Garriga, Josep Maria</subfield>
      <subfield code="e">author</subfield>
   </datafield>
   <datafield ind2=" " ind1=" " tag="720">
      <subfield code="a">Karimi, Hamid Reza</subfield>
      <subfield code="e">author</subfield>
   </datafield>
   <datafield ind2=" " ind1=" " tag="720">
      <subfield code="a">Luo, Ningsu</subfield>
      <subfield code="e">author</subfield>
   </datafield>
   <datafield ind2=" " ind1=" " tag="260">
      <subfield code="c">2011</subfield>
   </datafield>
   <datafield ind2=" " ind1=" " tag="520">
      <subfield code="a">Landing gear suspension systems ful ll the tasks of absorbing the vertical energy of the&#xd;
touch-down as well as providing passenger and crew comfort with a smooth ground ride before&#xd;
take-o  and after landing. They are also designed to have optimal performance in the case of a&#xd;
hard landing. In general, the tasks of aircraft landing gears are complex and sometimes lead to&#xd;
a number of contradictory requirements. Although there are existing modi cations of aircraft&#xd;
shock absorbers to reduce the problem, the basic design con&#xd;
ict between the requirements&#xd;
for landing and for rolling cannot be fully overcome by a passive suspension layout. Active&#xd;
and semiactive suspension techniques are a solution to this problem and are capable of&#xd;
reducing fuselage vibrations e ectively. In order to get satisfactory damping performance&#xd;
with active and semiactive devices, appropriate control laws must be employed. In this paper,&#xd;
we study the use of an adaptive backstepping control with H-infinity performance to cope with&#xd;
disturbances, uncertainties and nonlinearities, typical of suspension systems and damping&#xd;
devices. A comparison between active and semiactive strategies is provided through the analysis&#xd;
of simulation results</subfield>
   </datafield>
   <datafield ind2=" " ind1=" " tag="520">
      <subfield code="a">Preprint</subfield>
   </datafield>
   <datafield tag="653" ind2=" " ind1=" ">
      <subfield code="a">Àrees temàtiques de la UPC::Enginyeria mecànica::Mecànica::Vibracions mecàniques</subfield>
   </datafield>
   <datafield tag="653" ind2=" " ind1=" ">
      <subfield code="a">Àrees temàtiques de la UPC::Matemàtiques i estadística</subfield>
   </datafield>
   <datafield tag="653" ind2=" " ind1=" ">
      <subfield code="a">Vibration (Aeronautics)</subfield>
   </datafield>
   <datafield tag="653" ind2=" " ind1=" ">
      <subfield code="a">Damping (Mechanics)</subfield>
   </datafield>
   <datafield tag="653" ind2=" " ind1=" ">
      <subfield code="a">Vibració (Aeronàutica)</subfield>
   </datafield>
   <datafield tag="653" ind2=" " ind1=" ">
      <subfield code="a">Amortiment (Mecànica)</subfield>
   </datafield>
   <datafield tag="653" ind2=" " ind1=" ">
      <subfield code="a">Classificació AMS::93 Systems Theory; Control</subfield>
   </datafield>
   <datafield ind2="0" ind1="0" tag="245">
      <subfield code="a">Landing gear suspension control through adaptive backstepping techniques with H-infinity performance</subfield>
   </datafield>
</record></metadata></record></GetRecord></OAI-PMH>